000 00598nam a2200241Ia 4500
003 OSt
005 20221007110204.0
006 a|||||r|||| 00| 0
007 ta
008 221006b |||||||| |||| 00| 0 eng d
024 _a20,572
037 _cTextual
040 _aLCO
_cLCO
_beng
041 _2eng
_aeng
082 _aZ1,6, L8
100 _aCastel J.G.
_9698545
245 0 _aConflict of Laws
260 _aToronto
_bButterworth Canada
_c1978
300 _a189
650 _aCONFLICT
_9707191
942 _hZ1,6, L8
_cTEXL
999 _c1190135
_d1190135